History Quiz

Random History Quiz

Bloodiest dictators for the millennium Quiz Stats

 Plays Quiz not verified by Sporcle

Challenge
Share
Tweet
Embed
Score 0/11 Timer 04:00
0 Plays Today
Estimated deaths Dictator % Correct
20,946,000Adolf Hitler
99.2%
43,000,000Joseph Stalin
96.3%
38,000,000Mao Zedong
76.8%
2,000,000Pol Pot
54.7%
4,000,000Vladimir Lenin
54.6%
4,000,000Genghis Khan
42.8%
4,000,000Hideki Tojo
24.7%
10,000,000Leopold II of Belgium
15.2%
19,000,000Kublai Khan
11.8%
10,000,000Chiang Kai-shek
8.4%
12,000,000Qing Dynasty; mainly Empress Dowager Cixi
2.2%

You're not logged in!

Compare scores with friends on all Sporcle quizzes.
OR
Log In

You Might Also Like...

Show Comments

Extras

Top Quizzes Today


Score Distribution

Your Account Isn't Verified!

In order to create a playlist on Sporcle, you need to verify the email address you used during registration. Go to your Sporcle Settings to finish the process.

Report this User

Report this user for behavior that violates our Community Guidelines.

Details: